MARC

LEADER 00000nas1a2200000 4500
001 379997
005 20231102013119.0
011 |a 0320-6904 
035 |a (RuTPU)RU\TPU\prd\545 
035 |a BOOK00000545 
090 |a 379997 
100 |a 20011210b1973 k y0rusy50 ca 
101 0 |a rus 
102 |a RU 
110 |a afaz|||0uu0 
200 1 |a Автоматизация и телемеханизация нефтяной промышленности  |e реферативный научно-технический сборник  |f Всероссийский научно-исследовательский институт организации, управления и экономики нефтегазовой промышленности (ОАО ВНИИОЭНГ) 
210 |a М.  |c ВНИИОЭНГ  |d 1974-1983 
305 |a Издавался с 1973 года 
326 |a ежемесячно 
440 1 |0 (RuTPU)RU\TPU\prd\35  |x 0132-2222  |t Автоматизация, телемеханизация и связь в нефтяной промышленности  |o научно-технический журнал  |f Всероссийский научно-исследовательский институт организации, управления и экономики нефтегазовой промышленности (ОАО ВНИИОЭНГ)  |c M.  |n ВНИИОЭНГ  |d 1992- 
610 1 |a автоматизация 
610 1 |a телемеханизация 
610 1 |a нефтяная промышленность 
675 |a 622.276  |v 3 
712 0 2 |a Всесоюзный научно-исследовательский институт организации, управления и экономики нефтегазовой промышленности  |2 stltpush  |3 (RuTPU)RU\TPU\col\7962  |9 24439 
801 0 |a RU  |b 63413507  |c 20011210  |g PSBO 
801 2 |a RU  |b 63413507  |c 20130909  |g PSBO 
942 |c CR